00663 2200217 4500001002100000005001700021008004100038035002400079082001000103090001700113100005600130245009000186250001100276260006200287300003100349650001400380850001500394980001500409985000600424999001500430YOGYA-0209000004154820090227025800.0 ind  0010-020900000041548 a332.6 a332.6bYog L aYOGYAKARTA. Badan Koordinasi Penanaman Modal Daerah aLaporan penanaman modal tahun 1992bdisusun dalam rangka muker BKPM-BKPMD se ndonesia aCet. 1 aYogyakartabBadan Koordinasi Penanaman Modal Daerahc1993 axiii, 193 hlmbilusc32 cm aInvestasi aYOPDYOG(B) a03-07-2007 a1 a07A0022631